000 00328nam a2200133Ia 4500
008 240624s9999 xx 000 0 und d
041 _aeng
082 _a823 BUR
100 _aBURGESS R M
245 _aECLIPSE OF THE ZON FIRST CREMORS
260 _c2016
_aPublishing,2016
300 _axxvii, 350 p.; 23 cm.
365 _cRS
_b30
999 _c30170
_d30170